<?xml version="1.0" encoding="UTF-8"?>
<marc:record xmlns:marc="http://www.loc.gov/MARC21/slim">
   <marc:leader>00000nam a2200000 a 4500</marc:leader>
   <marc:datafield ind1="1" ind2=" " tag="100">
      <marc:subfield code="a">Erdrich, Louise</marc:subfield>
      <marc:subfield code="4">aut</marc:subfield>
      <marc:subfield code="e">Verfasser/-in</marc:subfield>
   </marc:datafield>
   <marc:datafield ind1="0" ind2="0" tag="245">
      <marc:subfield code="a">Der Nachtwächter</marc:subfield>
   </marc:datafield>
   <marc:datafield ind1="0" ind2="0" tag="245">
      <marc:subfield code="b">Roman</marc:subfield>
   </marc:datafield>
   <marc:datafield ind1="0" ind2="0" tag="245">
      <marc:subfield code="c">Erdrich, Louise</marc:subfield>
   </marc:datafield>
   <marc:datafield ind1=" " ind2="1" tag="264">
      <marc:subfield code="a">Berlin</marc:subfield>
      <marc:subfield code="b">Aufbau Verlag</marc:subfield>
      <marc:subfield code="c">2021</marc:subfield>
   </marc:datafield>
   <marc:datafield ind1=" " ind2=" " tag="250">
      <marc:subfield code="a">4. Auflage</marc:subfield>
   </marc:datafield>
   <marc:datafield ind1="1" ind2=" " tag="520">
      <marc:subfield code="a">Angaben aus der Verlagsmeldung &#xD;
&#xD;
 &#xD;
&#xD;
  Der Nachtwächter : Roman The Night Watchman / von Louise Erdrich &#xD;
&#xD;
 &#xD;
Kann ein Einzelner den Lauf der Geschichte verändern? Kann eine Minderheit etwas gegen einen übermächtigen Gegner, den Staat, ausrichten? »Der Nachtwächter«, der neue Roman der mit dem National Book Award ausgezeichneten Autorin Louise Erdrich, basiert auf dem außergewöhnlichen Leben von Erdrichs Großvater, der den Protest gegen die Enteignung der amerikanischen UreinwohnerInnen vom ländlichen North Dakota bis nach Washington trug. Elegant, humorvoll und emotional mitreißend führt Louise Erdrich vor, warum sie zu den bedeutendsten amerikanischen Autorinnen der Gegenwart gezählt wird - und zeigt, dass wir alle für unsere Überzeugungen kämpfen sollten und dabei manchmal sogar etwas zu verändern vermögen. &#xD;
&#xD;
»Mir stockte der Atem, als ich begriff, was meinem Großvater von seinem Nachtwächter-Schreibtisch aus gelungen war.« Louise Erdrich&#xD;
&#xD;
»Ein meisterhaftes Epos. Nach der Lektüre ist man tief bewegt und vermisst diese Figuren, als wären sie echte Menschen.« New York Times Book Review&#xD;
&#xD;
»Mit diesem Roman ist Louise Erdrich auf der Höhe ihrer genialischen Schaffenskraft angelangt.« Washington Post</marc:subfield>
   </marc:datafield>
   <marc:datafield ind1=" " ind2=" " tag="020">
      <marc:subfield code="a">9783351038571</marc:subfield>
      <marc:subfield code="9">9783351038571</marc:subfield>
   </marc:datafield>
   <marc:datafield ind1=" " ind2=" " tag="020">
      <marc:subfield code="a">3351038577</marc:subfield>
      <marc:subfield code="9">3351038577</marc:subfield>
   </marc:datafield>
   <marc:datafield ind1=" " ind2=" " tag="041">
      <marc:subfield code="a">ger</marc:subfield>
   </marc:datafield>
   <marc:datafield ind1=" " ind2=" " tag="338">
      <marc:subfield code="a">Band</marc:subfield>
   </marc:datafield>
   <marc:datafield ind1=" " ind2=" " tag="300">
      <marc:subfield code="a">496 Seiten</marc:subfield>
   </marc:datafield>
</marc:record>
